Presupuestos del retorno al regimen constitucional una constitucion legitima /

Salvato in:
Dettagli Bibliografici
Autore principale: Balsells Tojo, Edgar Alfredo
Altri autori: Garcia Laguardia, Jorge Mario
Natura: testo
Tags: Aggiungi Tag
Nessun Tag, puoi essere il primo ad aggiungerne!!

MARC

LEADER 00000 a a2200000 04500
001 45330
003
040 |a  ##  
090 |a REV0780 (15)1984  
100 |a Balsells Tojo, Edgar Alfredo  
245 |a Presupuestos del retorno al regimen constitucional una constitucion legitima /  |c Edgar Alfredo Balsells Tojo; Jorge Mario Garcia Laguardia 
700 |a  Garcia Laguardia, Jorge Mario 
773 |g número15, III Epoca (Julio - Diciembre , 1984), páginas 41-44  
999 |c 22266  |d 22266